| 000 | 00807nam a22002177a 4500 | ||
|---|---|---|---|
| 003 | 0 | ||
| 005 | 20250423142421.0 | ||
| 008 | 250423b xxu||||| |||| 00| 0 eng d | ||
| 020 | _a978-971-011-943-1 | ||
| 050 |
_aKPM 940.7 _b.V55 2015 |
||
| 100 | _aVillanueva, Elvin B. | ||
| 245 |
_aReal estate exam reviewer: _blegal aspects of real estates sales _cElvin B. Villanueva |
||
| 250 | _aFirst edition | ||
| 260 |
_aQuezon City _bCentral Book Supply, Inc. _c2015 |
||
| 300 |
_axiv. 112 pages ; _c23cm. |
||
| 650 | _aReal property—Law and legislation—Philippines. | ||
| 650 | _aReal estate business—Law and legislation—Philippines. | ||
| 650 | _aReal estate agents—Examinations, questions, etc.—Philippines. | ||
| 650 | _aReal estate agents—Licenses—Philippines. | ||
| 942 |
_2lcc _cBK |
||
| 999 |
_c367392 _d367392 |
||